[Event "Moscow Aeroflot op-A"]
[Site "Moscow"]
[Date "2024.03.07"]
[Round "9"]
[White "Smirnov, Pavel"]
[Black "Paravyan, David"]
[Result "0-1"]
[WhiteElo "2519"]
[BlackElo "2612"]
[PlyCount "124"]
[EventDate "2024.03.03"]
[EventType "swiss"]
[EventRounds "9"]
[EventCountry "RUS"]
[SourceTitle "CB11_2024"]
[SourceDate "2024.03.13"]
[SourceVersion "1"]
[SourceVersionDate "2024.03.13"]
[SourceQuality "1"]

1. d4 d5 2. c4 dxc4 3. Nf3 Nf6 4. e3 e6 5. Bxc4 c5 6. 0-0 Nc6 7. Nc3 a6 8. d5 Na5 9. b3 b5 10. Bd3 b4 11. Ne4 exd5 12. Nxf6+ Qxf6 13. Rb1 Bb7 14. Bb2 Qh6 15. Ne5 Nc6 16. Qg4 Qe6 17. Qxe6+ fxe6 18. f4 Nxe5 19. Bxe5 Bc6 20. f5 Bb5 21. Rbd1 Kd7 22. Bg3 Bxd3 23. Rxd3 Be7 24. e4 d4 25. Be5 exf5 26. exf5 Bf6 27. Bf4 Rhe8 28. g4 h6 29. Kf2 Re4 30. Kf3 Rae8 31. a3 bxa3 32. Ra1 Kc6 33. Rxa3 Kb5 34. Rd1 Bg5 35. Bxg5 hxg5 36. Rda1 Re2 37. Ra5+ Kc6 38. Rxa6+ Kd5 39. Re6 R8xe6 40. fxe6 Rxe6 41. Ra7 Re3+ 42. Kf2 Rxb3 43. Rxg7 Rb2+ 44. Kf3 Rxh2 45. Rxg5+ Kc4 46. Rh5 Rb2 47. g5 Rb1 48. Kf2 d3 49. g6 d2 50. g7 Rg1 51. g8Q+ Rxg8 52. Ke2 Rd8 53. Kd1 Kb4 54. Rh7 c4 55. Rb7+ Kc3 56. Rh7 Rb8 57. Rh3+ Kb2 58. Rh7 c3 59. Rc7 Kb3 60. Rc6 Rh8 61. Rb6+ Kc4 62. Rc6+ Kb4 0-1

[Event "Moscow Aeroflot op-A"]
[Site "Moscow"]
[Date "2024.03.06"]
[Round "7"]
[White "Smirnov, Pavel"]
[Black "Tsvetkov, Andrey1"]
[Result "1-0"]
[WhiteElo "2519"]
[BlackElo "2424"]
[PlyCount "73"]
[EventDate "2024.03.03"]
[EventType "swiss"]
[EventRounds "9"]
[EventCountry "RUS"]
[SourceTitle "CB11_2024"]
[SourceDate "2024.03.13"]
[SourceVersion "1"]
[SourceVersionDate "2024.03.13"]
[SourceQuality "1"]

1. d4 d5 2. c4 e6 3. Nf3 Nf6 4. g3 Bb4+ 5. Bd2 a5 6. Bg2 0-0 7. Qc2 c5 8. cxd5 cxd4 9. Nxd4 Qb6 10. e3 exd5 11. 0-0 Nc6 12. Nxc6 bxc6 13. Rc1 Rb8 14. Bxb4 Qxb4 15. b3 Be6 16. Nc3 c5 17. Ne2 Rfc8 18. Nf4 c4 19. Nxe6 fxe6 20. Bh3 Kf7 21. bxc4 Rxc4 22. Qd1 Qa3 23. Rxc4 dxc4 24. Rc1 c3 25. Qc2 Rd8 26. Bf1 Ne4 27. Rb1 Nc5 28. Qxh7 Qxa2 29. Rb5 Rd5 30. Bd3 Rxd3 31. Rxc5 Qb1+ 32. Kg2 Qb7+ 33. e4 Qe7 34. Rc8 Qd7 35. Qh5+ Ke7 36. Qc5+ Qd6 37. Qg5+ 1-0

[Event "Moscow-ch op Superfinal"]
[Site "Ershovo"]
[Date "2024.02.24"]
[Round "2"]
[White "Chuersakul, Sarocha"]
[Black "Smirnov, Pavel"]
[Result "0-1"]
[WhiteElo "1820"]
[BlackElo "2530"]
[PlyCount "80"]
[EventDate "2024.02.23"]
[EventType "swiss"]
[EventRounds "10"]
[EventCountry "RUS"]
[SourceTitle "CB10_2024"]
[SourceDate "2024.03.06"]
[SourceVersion "1"]
[SourceVersionDate "2024.03.06"]
[SourceQuality "1"]

1. Nf3 Nf6 2. g3 d5 3. Bg2 e6 4. 0-0 Be7 5. c4 0-0 6. d4 c6 7. Nc3 Nbd7 8. b3 b6 9. Qc2 Ba6 10. Rd1 h6 11. Bb2 dxc4 12. bxc4 Bxc4 13. Ne5 Nxe5 14. dxe5 Nd5 15. Ne4 b5 16. Nd6 Qc7 17. Nxc4 bxc4 18. Qxc4 Rab8 19. Rab1 Rfc8 20. Rdc1 Qa5 21. e3 Rb4 22. Bc3 Nxc3 23. Qxc3 Rxb1 24. Qxa5 Rxc1+ 25. Bf1 Rd8 26. Kg2 Rc2 27. Qxa7 Bc5 28. Qc7 Rdd2 29. Qc8+ Bf8 30. Kg1 Rxf2 31. a4 g6 32. Bd3 Rb2 33. a5 Kg7 34. Qxc6 Rfd2 35. Qc4 Rd1+ 36. Bf1 Rbb1 37. a6 Rxf1+ 38. Kg2 Rfc1 39. Qf4 Ra1 40. h4 Ra2+ 0-1

[Event "Ufa Startsev Memorial"]
[Site "Ufa"]
[Date "2024.02.09"]
[Round "6"]
[White "Smirnov, Pavel"]
[Black "Belyakov, Bogdan"]
[Result "1-0"]
[WhiteElo "2530"]
[BlackElo "2416"]
[PlyCount "131"]
[EventDate "2024.02.06"]
[EventType "swiss"]
[EventRounds "9"]
[EventCountry "RUS"]
[SourceTitle "CB07_2024"]
[SourceDate "2024.02.14"]
[SourceVersion "1"]
[SourceVersionDate "2024.02.14"]
[SourceQuality "1"]

1. d4 Nf6 2. c4 g6 3. Nc3 Bg7 4. e4 d6 5. Be2 0-0 6. Be3 Na6 7. Nf3 e5 8. 0-0 Qe8 9. dxe5 dxe5 10. h3 c6 11. c5 Nh5 12. Re1 Nc7 13. Qd6 Qd8 14. Bg5 Qxd6 15. cxd6 Ne6 16. Be7 Re8 17. Rad1 Bd7 18. Bc4 Nhf4 19. Kh2 b5 20. Bb3 Nc5 21. Bc2 a5 22. Ne2 Nfe6 23. Nc1 f6 24. Nb3 Kf7 25. Nxc5 Nxc5 26. Bb3+ Be6 27. Bxe6+ Kxe6 28. Re3 Nd7 29. g4 g5 30. Ng1 Bf8 31. Ne2 Bxe7 32. dxe7 Rxe7 33. Red3 Ra7 34. Rd6+ Kf7 35. Rxc6 Nf8 36. Nc3 Rec7 37. Rcd6 Rcb7 38. Nd5 Ne6 39. Rc1 Rd7 40. Rxd7+ Rxd7 41. Rc6 Nf4 42. Rxf6+ Kg7 43. Ra6 Nxd5 44. exd5 Rxd5 45. Rxa5 Rd2 46. Rxb5 Rxf2+ 47. Kg3 Rd2 48. Rxe5 Rxb2 49. Rxg5+ Kf6 50. Rf5+ Kg6 51. Rf2 Rb1 52. a3 Ra1 53. Rf3 h5 54. gxh5+ Kxh5 55. Kf2 Kh4 56. Ke2 Rb1 57. Kd2 Rb8 58. a4 Kg5 59. Ra3 Ra8 60. a5 Kf5 61. a6 Ra7 62. Kc3 Ke6 63. Kb4 Kd7 64. Kb5 Kc8 65. Rg3 Rh7 66. Rg8+ 1-0

[Event "Chessable Play In Match D3"]
[Site "Chess.com INT"]
[Date "2024.02.01"]
[Round "1.1"]
[White "Deac, Bogdan Daniel"]
[Black "Smirnov, Pavel"]
[Result "1/2-1/2"]
[WhiteElo "2690"]
[BlackElo "2530"]
[PlyCount "125"]
[EventDate "2024.02.01"]
[EventType "k.o. (rapid)"]
[EventRounds "1"]
[EventCountry "USA"]
[SourceTitle "CB06_2024"]
[SourceDate "2024.02.07"]
[SourceVersion "1"]
[SourceVersionDate "2024.02.07"]
[SourceQuality "1"]

1. e4 e5 2. Nf3 Nc6 3. Bb5 a6 4. Ba4 Nf6 5. 0-0 Be7 6. d3 b5 7. Bb3 d6 8. c3 0-0 9. h3 Re8 10. Ng5 Rf8 11. Re1 h6 12. Nf3 Bb7 13. a4 Na5 14. Ba2 c5 15. Na3 Qd7 16. axb5 axb5 17. Be3 Rfc8 18. b4 cxb4 19. cxb4 Nc6 20. Qb3 d5 21. Nc2 Ra4 22. Bd2 Rd8 23. Qb2 Rda8 24. Bc3 d4 25. Bd2 Bd6 26. Bb3 Rxa1 27. Rxa1 Rxa1+ 28. Qxa1 Bc8 29. Nh4 Qe7 30. Qa8 Qb7 31. Qa2 Nd8 32. g4 Be6 33. Nf5 Bf8 34. Ne1 Kh7 35. Ng2 g6 36. Ng3 Bxb3 37. Qxb3 Ne6 38. f4 exf4 39. Nxf4 Qc7 40. Nge2 Ng7 41. Kg2 Bd6 42. Kf3 Be5 43. Ng3 g5 44. Nfe2 Ne6 45. Nf5 h5 46. Qa2 hxg4+ 47. hxg4 Kg6 48. Neg3 Qd8 49. Nh5 Nxh5 50. gxh5+ Kxh5 51. Qa1 Kg6 52. Qh1 Qh8 53. Ne7+ Kg7 54. Qxh8+ Kxh8 55. Nc6 Bf4 56. Bxf4 Nxf4 57. Nxd4 Nxd3 58. Nxb5 Nxb4 59. Kg4 f6 60. e5 fxe5 61. Kxg5 e4 62. Kf4 e3 63. Kxe3 1/2-1/2

[Event "Chessable Play In Match D3"]
[Site "Chess.com INT"]
[Date "2024.02.01"]
[Round "1.2"]
[White "Smirnov, Pavel"]
[Black "Deac, Bogdan Daniel"]
[Result "0-1"]
[WhiteElo "2530"]
[BlackElo "2690"]
[PlyCount "70"]
[EventDate "2024.02.01"]
[EventType "k.o. (rapid)"]
[EventRounds "1"]
[EventCountry "USA"]
[SourceTitle "CB06_2024"]
[SourceDate "2024.02.07"]
[SourceVersion "1"]
[SourceVersionDate "2024.02.07"]
[SourceQuality "1"]

1. d4 Nf6 2. c4 e6 3. g3 d5 4. Nf3 Be7 5. Bg2 0-0 6. 0-0 dxc4 7. Qc2 a6 8. a4 Bd7 9. Qxc4 Bc6 10. Bg5 h6 11. Bxf6 Bxf6 12. Nc3 Bxf3 13. Bxf3 Qxd4 14. Qxc7 Qb4 15. Qxb7 Qxb7 16. Bxb7 Ra7 17. Bf3 Nd7 18. Rab1 Rb8 19. Rfc1 Rc7 20. Ne4 Rxc1+ 21. Rxc1 Bxb2 22. Rc6 Ne5 23. Rxa6 Nxf3+ 24. exf3 Bd4 25. Rd6 e5 26. f4 Rb4 27. fxe5 Bxe5 28. Rd8+ Kh7 29. Nc5 Bd4 30. Nd7 g6 31. a5 Kg7 32. Rb8 Ra4 33. Rb1 Rxa5 34. Rd1 Rd5 35. Kf1 Rxd7 0-1

[Event "Chessable Masters Play In"]
[Site "Chess.com INT"]
[Date "2024.01.31"]
[Round "7"]
[White "Grischuk, Alexander"]
[Black "Smirnov, Pavel"]
[Result "1-0"]
[WhiteElo "2732"]
[BlackElo "2526"]
[PlyCount "215"]
[EventDate "2024.01.31"]
[EventType "swiss (rapid)"]
[EventRounds "9"]
[EventCountry "USA"]
[SourceTitle "CB06_2024"]
[SourceDate "2024.02.07"]
[SourceVersion "1"]
[SourceVersionDate "2024.02.07"]
[SourceQuality "1"]

1. d4 Nf6 2. Bf4 d5 3. Nf3 Bf5 4. c4 e6 5. Qb3 dxc4 6. Qxb7 Be4 7. Qxc7 Qxc7 8. Bxc7 Bb4+ 9. Kd1 Nd5 10. Bg3 f5 11. e3 f4 12. exf4 Bxf3+ 13. gxf3 Nc6 14. f5 Nxd4 15. fxe6 Rd8 16. Bxc4 Nb6 17. Bd3 Nxe6 18. Ke2 0-0 19. Rd1 Nd4+ 20. Kf1 Nxf3 21. Nc3 Bc5 22. Ne4 Bd4 23. Rab1 h5 24. h4 Be5 25. Kg2 Bxg3 26. Kxg3 Ne5 27. Be2 g6 28. Rxd8 Rxd8 29. Rd1 Rxd1 30. Bxd1 Nd3 31. b3 Kg7 32. Bc2 Nb4 33. Bb1 N4d5 34. a3 a5 35. Bd3 Nd7 36. Bc4 N5b6 37. Bb5 Ne5 38. Kf4 Nf7 39. Bc4 Nd8 40. a4 Nc6 41. Ke3 Ne5 42. Nd2 Kf6 43. f4 Nc6 44. Ne4+ Ke7 45. Bb5 Nd5+ 46. Kd3 Ncb4+ 47. Kd4 Nxf4 48. Kc5 Ng2 49. Kb6 Nxh4 50. Kxa5 Nd5 51. Bc6 Nc7 52. Kb6 Kd8 53. a5 Nf5 54. a6 Nd4 55. Ba4 Nxa6 56. Kxa6 Nxb3 57. Bxb3 Ke7 58. Kb5 h4 59. Kc5 h3 60. Bd1 h2 61. Bf3 Ke6 62. Kd4 Kf5 63. Ke3 g5 64. Ng3+ Ke5 65. Nf1 g4 66. Bg2 g3 67. Nxg3 Kf6 68. Bh1 Ke5 69. Nf1 Kf5 70. Nxh2 Ke5 71. Be4 Ke6 72. Nf3 Kf6 73. Kf4 Ke6 74. Ne5 Kd6 75. Bf5 Kd5 76. Bg6 Kd4 77. Be4 Kc5 78. Nf3 Kc4 79. Ke5 Kc5 80. Bd5 Kb4 81. Kd4 Kb5 82. Ne5 Kb4 83. Bc4 Ka3 84. Kc3 Ka4 85. Nc6 Ka3 86. Bb5 Ka2 87. Nd4 Ka3 88. Nc2+ Ka2 89. Bc4+ Kb1 90. Bd5 Kc1 91. Ba2 Kd1 92. Nd4 Ke1 93. Kd3 Kf2 94. Ne2 Kf3 95. Be6 Kf2 96. Bd5 Ke1 97. Ke3 Kf1 98. Nf4 Ke1 99. Bb3 Kf1 100. Ba4 Ke1 101. Ng2+ Kf1 102. Kf3 Kg1 103. Kg3 Kf1 104. Bb5+ Kg1 105. Nf4 Kh1 106. Bc4 Kg1 107. Nh3+ Kh1 108. Bd5# 1-0

[Event "Chessable Masters Play In"]
[Site "Chess.com INT"]
[Date "2024.01.31"]
[Round "2"]
[White "Lazavik, Denis"]
[Black "Smirnov, Pavel"]
[Result "1-0"]
[WhiteElo "2566"]
[BlackElo "2526"]
[PlyCount "65"]
[EventDate "2024.01.31"]
[EventType "swiss (rapid)"]
[EventRounds "9"]
[EventCountry "USA"]
[SourceTitle "CB06_2024"]
[SourceDate "2024.02.07"]
[SourceVersion "1"]
[SourceVersionDate "2024.02.07"]
[SourceQuality "1"]

1. d4 Nf6 2. c4 e6 3. Nf3 d5 4. Nc3 c6 5. e3 Nbd7 6. Qc2 Bd6 7. b3 0-0 8. Be2 e5 9. cxd5 e4 10. Nxe4 Nxe4 11. Qxe4 Nf6 12. Qc2 cxd5 13. 0-0 Ne4 14. Bb2 Bf5 15. Qd1 Rc8 16. Ne5 Nc3 17. Bxc3 Rxc3 18. Bd3 Bxd3 19. Nxd3 Qc7 20. g3 Rc8 21. Rc1 Ba3 22. Rxc3 Qxc3 23. Nf4 Qc2 24. Nxd5 Qxa2 25. Qd3 a6 26. Nb6 Rd8 27. Qc3 Bd6 28. Nc4 Bf8 29. Na5 b5 30. Nc6 Rd6 31. Ne5 Qe2 32. Qc7 Qh5 33. g4 1-0

[Event "Ekaterinburg Scerbin Memorial"]
[Site "Ekaterinburg"]
[Date "2024.01.14"]
[Round "8"]
[White "Shimanov, Aleksandr"]
[Black "Smirnov, Pavel"]
[Result "1-0"]
[WhiteElo "2578"]
[BlackElo "2526"]
[PlyCount "95"]
[EventDate "2024.01.13"]
[EventType "swiss (rapid)"]
[EventRounds "11"]
[EventCountry "RUS"]
[SourceTitle "CB03_2024"]
[SourceDate "2024.01.17"]
[SourceVersion "1"]
[SourceVersionDate "2024.01.17"]
[SourceQuality "1"]

1. e4 e5 2. Nf3 Nc6 3. Nc3 Nf6 4. h3 d5 5. exd5 Nxd5 6. Bb5 Nxc3 7. bxc3 Bd6 8. 0-0 0-0 9. Re1 Qf6 10. d4 exd4 11. cxd4 h6 12. Rb1 Bf5 13. Bf1 b6 14. Bb2 Nb4 15. d5 Bxc2 16. Qd2 Qg6 17. Rbc1 Bd3 18. Ne5 Bxe5 19. Bxe5 Bxf1 20. Rxf1 Nd3 21. Bxg7 Kxg7 22. Rc3 Rad8 23. Rxd3 Kh7 24. Rc1 c5 25. d6 Rd7 26. Rc4 f5 27. Rc1 f4 28. f3 Rf6 29. Rd1 Qf5 30. Rd5 Qg6 31. a4 Rf8 32. Re1 Qf6 33. Re4 Kh8 34. Kh2 Kg7 35. a5 Kh8 36. Qe2 Rff7 37. Re6 Qh4 38. Qe5+ Kh7 39. Qe4+ Kh8 40. Rde5 Qg3+ 41. Kh1 Kg7 42. Rh5 Qf2 43. Qg6+ Kf8 44. Qxh6+ Rg7 45. Rf5+ Rdf7 46. Qh8+ Rg8 47. Rxf7+ Kxf7 48. Qf6# 1-0

[Event "Ekaterinburg Scerbin Memorial Blitz"]
[Site "Ekaterinburg"]
[Date "2024.01.12"]
[Round "5"]
[White "Smirnov, Pavel"]
[Black "Shimanov, Aleksandr"]
[Result "0-1"]
[WhiteElo "2526"]
[BlackElo "2578"]
[PlyCount "58"]
[EventDate "2024.01.12"]
[EventType "swiss (blitz)"]
[EventRounds "13"]
[EventCountry "RUS"]
[SourceTitle "CB03_2024"]
[SourceDate "2024.01.17"]
[SourceVersion "1"]
[SourceVersionDate "2024.01.17"]
[SourceQuality "1"]

1. d4 d5 2. c4 e6 3. Nf3 Nd7 4. g3 dxc4 5. Bg2 Rb8 6. a4 a6 7. a5 Bd6 8. Nbd2 b5 9. axb6 Nxb6 10. Qc2 Nf6 11. 0-0 0-0 12. Nxc4 Nxc4 13. Qxc4 Rb4 14. Bd2 Bb7 15. Rfc1 Rb5 16. Qc2 h6 17. Ne1 Bxg2 18. Kxg2 Qa8+ 19. Nf3 Rfb8 20. Bc3 Ne4 21. Qd3 Qb7 22. Ra4 g5 23. Kg1 g4 24. Nd2 Ng5 25. e4 Rf8 26. Qe2 f5 27. Rca1 fxe4 28. Qxg4 h5 29. Qe2 e3 0-1

[Event "Khanty-Mansiysk TOP 28 Blitz GP"]
[Site "Khanty-Mansiysk"]
[Date "2023.12.04"]
[Round "1"]
[White "Makarian, Rudik"]
[Black "Smirnov, Pavel"]
[Result "1/2-1/2"]
[WhiteElo "2530"]
[BlackElo "2538"]
[PlyCount "119"]
[EventDate "2023.12.04"]
[EventType "tourn (blitz)"]
[EventRounds "13"]
[EventCountry "RUS"]
[EventCategory "10"]
[SourceTitle "CB49_2023"]
[SourceDate "2023.12.06"]
[SourceVersion "1"]
[SourceVersionDate "2023.12.06"]
[SourceQuality "1"]

1. d4 Nf6 2. c4 e6 3. Nf3 d5 4. g3 Bb4+ 5. Bd2 Be7 6. Bg2 0-0 7. 0-0 c6 8. Qc2 Nbd7 9. Bf4 b6 10. Nbd2 Nh5 11. e3 Nxf4 12. exf4 Bb7 13. cxd5 cxd5 14. Rfc1 Rc8 15. Qa4 a6 16. Bf1 b5 17. Qd1 Qb6 18. Bd3 Bf6 19. Nb3 a5 20. Rxc8 Rxc8 21. Rc1 Rxc1 22. Nxc1 b4 23. h4 Ba6 24. Bxa6 Qxa6 25. Nd3 Qc6 26. Kg2 g6 27. Nde5 Nxe5 28. fxe5 Be7 29. b3 h5 30. Qd3 Kg7 31. Qd2 Qc8 32. Qe2 Qc6 33. Qd3 Qb7 34. Qc2 Bd8 35. Kh3 Be7 36. Kg2 Bd8 37. Qc5 Qc7 38. Qb5 Kf8 39. Qd3 Qc6 40. Qd2 Kg7 41. Qe2 Be7 42. Kh3 Bd8 43. Qd2 Be7 44. g4 hxg4+ 45. Kxg4 Qc8 46. Kg3 Qc6 47. Kg2 Qc8 48. Qf4 Qd8 49. Qg4 Qh8 50. Kg3 Qh6 51. Qf4 Qxf4+ 52. Kxf4 Kh6 53. Kg4 Bd8 54. Ne1 Bb6 55. Nf3 Bd8 56. Ng1 Bb6 57. Ne2 Ba7 58. f4 Bb6 59. Kh3 Ba7 60. Kg4 1/2-1/2

[Event "Khanty-Mansiysk TOP 28 Blitz GP"]
[Site "Khanty-Mansiysk"]
[Date "2023.12.04"]
[Round "5"]
[White "Smirnov, Pavel"]
[Black "Vastrukhin, Oleg"]
[Result "1-0"]
[WhiteElo "2538"]
[BlackElo "2343"]
[PlyCount "63"]
[EventDate "2023.12.04"]
[EventType "tourn (blitz)"]
[EventRounds "13"]
[EventCountry "RUS"]
[EventCategory "10"]
[SourceTitle "CB49_2023"]
[SourceDate "2023.12.06"]
[SourceVersion "1"]
[SourceVersionDate "2023.12.06"]
[SourceQuality "1"]

1. d4 g6 2. e4 Bg7 3. Nc3 a6 4. f4 b5 5. Nf3 Bb7 6. Bd3 d6 7. a4 b4 8. Ne2 Nd7 9. 0-0 c5 10. c3 Ngf6 11. e5 Ne4 12. Be3 0-0 13. Qc2 d5 14. Ng3 f5 15. Bxe4 dxe4 16. Ng5 bxc3 17. Qb3+ Kh8 18. Qxb7 Rb8 19. Qd5 cxb2 20. Rab1 Nb6 21. Nf7+ Rxf7 22. Qxf7 cxd4 23. Rfd1 Nxa4 24. Bxd4 Qc7 25. h4 e3 26. h5 Nc3 27. Bxc3 Qxc3 28. hxg6 e2 29. Nxe2 Qe3+ 30. Kf1 a5 31. Qxe7 a4 32. Rd8+ 1-0

[Event "Khanty-Mansiysk TOP 28 Blitz GP"]
[Site "Khanty-Mansiysk"]
[Date "2023.12.04"]
[Round "7"]
[White "Smirnov, Pavel"]
[Black "Zakhartsov, Vladimir"]
[Result "1-0"]
[WhiteElo "2538"]
[BlackElo "2509"]
[PlyCount "81"]
[EventDate "2023.12.04"]
[EventType "tourn (blitz)"]
[EventRounds "13"]
[EventCountry "RUS"]
[EventCategory "10"]
[SourceTitle "CB49_2023"]
[SourceDate "2023.12.06"]
[SourceVersion "1"]
[SourceVersionDate "2023.12.06"]
[SourceQuality "1"]

1. e4 g6 2. d4 Bg7 3. Nc3 d6 4. f4 Nf6 5. Nf3 c5 6. Bb5+ Bd7 7. e5 Ng4 8. Bxd7+ Qxd7 9. h3 cxd4 10. Qxd4 Nh6 11. Qf2 Nc6 12. Bd2 dxe5 13. fxe5 Nf5 14. 0-0-0 Nxe5 15. Bf4 Qe6 16. Rhe1 f6 17. Nxe5 fxe5 18. Qc5 0-0 19. Bxe5 Bxe5 20. Rxe5 Qf6 21. Ne4 Qf7 22. g4 Rac8 23. Qa3 Nd4 24. Rxe7 Nxc2 25. Qd6 Qf4+ 26. Qxf4 Rxf4 27. Rdd7 Ne3+ 28. Kd2 Nc4+ 29. Ke2 Nb6 30. Rxb7 Nd5 31. Rg7+ Kf8 32. Nd6 Rd8 33. Rxh7 Kg8 34. Rbg7+ Kf8 35. Rh8+ Kxg7 36. Rxd8 Rd4 37. Kf3 Kf6 38. Nb5 Rd3+ 39. Ke4 Re3+ 40. Kxd5 Rd3+ 41. Nd4 1-0

[Event "Khanty-Mansiysk TOP 28 Rapid GP"]
[Site "Khanty-Mansiysk"]
[Date "2023.12.03"]
[Round "12"]
[White "Smirnov, Pavel"]
[Black "Triapishko, Alexandr"]
[Result "1-0"]
[WhiteElo "2538"]
[BlackElo "2499"]
[PlyCount "65"]
[EventDate "2023.12.01"]
[EventType "tourn (rapid)"]
[EventRounds "13"]
[EventCountry "RUS"]
[EventCategory "10"]
[SourceTitle "CB49_2023"]
[SourceDate "2023.12.06"]
[SourceVersion "1"]
[SourceVersionDate "2023.12.06"]
[SourceQuality "1"]

1. d4 f5 2. g3 Nf6 3. Bg2 g6 4. Nf3 Bg7 5. 0-0 0-0 6. c4 d6 7. Nc3 c6 8. Qc2 Na6 9. Rb1 Ne4 10. b4 c5 11. bxc5 Nxc3 12. Qxc3 dxc5 13. Rd1 cxd4 14. Nxd4 e5 15. Bd5+ Kh8 16. Nb5 e4 17. Qe3 Qb6 18. Ba3 Qxe3 19. fxe3 Bh6 20. Kf2 Rf6 21. Nd6 Bg7 22. Nxc8 Rxc8 23. Rxb7 Nc5 24. Rxa7 g5 25. Ra5 Nd7 26. Be7 Rh6 27. Bb7 Rc7 28. Rxd7 Rxd7 29. Ra8+ Bf8 30. Bxf8 Rxh2+ 31. Kg1 Kg8 32. Kxh2 Rxb7 33. Bc5+ 1-0

[Event "Khanty-Mansiysk TOP 28 Rapid GP"]
[Site "Khanty-Mansiysk"]
[Date "2023.12.03"]
[Round "10"]
[White "Smirnov, Pavel"]
[Black "Zakhartsov, Vladimir"]
[Result "1-0"]
[WhiteElo "2538"]
[BlackElo "2525"]
[PlyCount "55"]
[EventDate "2023.12.01"]
[EventType "tourn (rapid)"]
[EventRounds "13"]
[EventCountry "RUS"]
[EventCategory "10"]
[SourceTitle "CB49_2023"]
[SourceDate "2023.12.06"]
[SourceVersion "1"]
[SourceVersionDate "2023.12.06"]
[SourceQuality "1"]

1. e4 c5 2. Nf3 Nc6 3. d4 cxd4 4. Nxd4 g6 5. c4 Nf6 6. Nc3 d6 7. f3 Nxd4 8. Qxd4 Bg7 9. Be3 0-0 10. Qd2 a5 11. Na4 Nd7 12. 0-0-0 Qc7 13. Kb1 Nc5 14. Nc3 Be6 15. h4 h5 16. g4 hxg4 17. h5 gxf3 18. Bh6 Nd7 19. hxg6 fxg6 20. Nd5 Qd8 21. Qg5 Rf7 22. Nf4 Rxf4 23. Qxg6 Rf7 24. Bxg7 Rxg7 25. Qxe6+ Rf7 26. Be2 Qb6 27. Rh8+ Kxh8 28. Qxf7 1-0

[Event "Khanty-Mansiysk TOP 28 Rapid GP"]
[Site "Khanty-Mansiysk"]
[Date "2023.12.02"]
[Round "7"]
[White "Kryakvin, Dmitry"]
[Black "Smirnov, Pavel"]
[Result "1/2-1/2"]
[WhiteElo "2471"]
[BlackElo "2538"]
[PlyCount "23"]
[EventDate "2023.12.01"]
[EventType "tourn (rapid)"]
[EventRounds "13"]
[EventCountry "RUS"]
[EventCategory "10"]
[SourceTitle "CB49_2023"]
[SourceDate "2023.12.06"]
[SourceVersion "1"]
[SourceVersionDate "2023.12.06"]
[SourceQuality "1"]

1. d4 Nf6 2. c4 e6 3. Nf3 d5 4. Nc3 c6 5. e3 Nbd7 6. Be2 Bd6 7. 0-0 0-0 8. b3 b6 9. Bb2 Bb7 10. Qc2 Qe7 11. Rfe1 c5 12. cxd5 1/2-1/2